Angola Trivia Quiz - Statistieken

Algemene statistieken
  • Deze quiz is 366 keer genomen
  • De gemiddelde score is 9 van 15
Antwoordstatistieken
Hint Antwoord % Correct
Land dat aan Angola grenst beginnend met een Z Zambia
93%
Land dat aan het zuiden van Angola grenst Namibië
92%
Hoofdstad Luanda
78%
Officiële taal Portugees
75%
Angola's export bestaat voor 97% hieruit Olie
72%
De twee langste rivieren die door Angola stromen Kongo
71%
Tussen 1500 en 1820 werden veel slaven meegenomen uit Angola. In welk land belandden de meesten? Brazilië
68%
Staatsideologie van Angola in de periode 1975–1992 Communisme
65%
Land waar bijna 2/3 van de export van Angola naartoe gaat China
56%
Angola en Litouwen hebben weinig met elkaar gemeen. Een ding dat ze wel gemeen hebben: dit is de meest populaire sport in beide landen Basketbal
48%
De twee langste rivieren die door Angola stromen Zambezi
42%
Angola is de op drie na grootste producent van dit mineraal, achter alleen Rusland, Botswana en Canada Diamanten
36%
Exclave die voor meer dan de helft van de productie van het hierbovenstaande zorgt Cabinda
26%
Valuta van Angola Kwanza
22%
Groep mensen die de oorspronkelijke San- en Khoi-populaties hebben verdreven in het eerste millennium voor Christus. Bantoe
17%
Geen overeenkomende quizzen gevonden
Scoreverdeling
Procent van Mensen met Elke Score
Percentiel versus Aantal Correcte Antwoorden
Uw Scoregeschiedenis
U heeft deze quiz nog niet genomen